000 00991nam a2200229Ia 4500
999 _c38553
_d38553
001 4654
003 GE_BSU
005 20190527164632.0
008 181216s1973||||ge |||||||||||||| ||geo||
040 _cGE_BSU
041 _ageo
080 _a51.1(075.8) რ–97
100 _aრუხაძე,ა.
_91549
245 _aუმაღლესი მათემატიკის კურსი.ნაწ II. სახელმძღვ. /
_cა. რუხაძე ; რედ : შ. მირცხულავა.
250 _aმე-2 გადამ. და შევს. გამოც.
264 _aთბილისი :
_bგანალება,
_c1973.
300 _a650 გვ .:
_c21 გვ.
653 _aუმაღლესი მათემატიკის სახელმძღვანელო
653 _aმათეამატიკა
700 _aმირცხულავა, შ
_eრედაქტორი
_91659
942 _cBK
_2udc